Aktualizácia k zákonom III/2002 Zákon o zamestnanosti
Gespeichert in:
| Format: | Buch |
|---|---|
| Sprache: | Slowakisch |
| Veröffentlicht: |
Žilina
PORADCA
2002
|
| Schriftenreihe: | Aktualizácia
III/5 |
| Tags: |
Keine Tags, Fügen Sie das erste Tag hinzu!
|
MARC
| LEADER | 00000nam a2200000 4500 | ||
|---|---|---|---|
| 001 | c139986 | ||
| 005 | 20250617075036.1 | ||
| 022 | |a 1335-6127 | ||
| 041 | 0 | |a slo | |
| 044 | |a SK | ||
| 245 | 1 | 0 | |a Aktualizácia k zákonom III/2002 |b Zákon o zamestnanosti |
| 264 | 1 | |a Žilina |b PORADCA |c 2002 | |
| 300 | |a 168 s. | ||
| 490 | 1 | |a Aktualizácia |v III/5 | |
| 830 | 0 | |a Aktualizácia |v III/5 | |